000 00256nam a2200109Ia 4500
008 190216s9999||||xx |||||||||||||| ||und||
100 _aBhaskaran
245 0 _aBharathiya Kavya Shashthram
260 _bVidyarthimithram
650 _aMalayalam
942 _cBK
999 _c40406
_d40406